LEADER 01635nam a2200325 i 4500 001 000000164717 003 CaOOAMICUS 005 20200302154052.0 008 161004s2002 it u000 u ita u 013 $a142085 020 $a88-386-2762-2 040 $aSeMil$bita 100 1 $aIngrascģ, Giovanni.$0(OLS)http://semarc/name/62230 245 10$aGiovani e crimini violenti :$bpsicologia, psicopatologia e giustizia /$cGiovanni Ingrascģ, Massimo Picozzi ; con la collaborazione di Roberta Perduca e Angelo Zappalą ; Presentazione di Gaetano De Leo ... [et al.]. 260 $aMilano [etc.] :$bMcGraw-Hill,$c2002. 300 $aXXI, 344 p. :$bill. ;$c21 cm. 650 4$aDelinquenza minorile.$0(OLS)http://semarc/subject/6391 650 4$aMinorenni traviati - Rieducazione.$0(OLS)http://semarc/subject/31304 700 1 $aPicozzi, Massimo <1956- >.$0(OLS)http://semarc/name/62231 700 1 $aDe Leo, Gaetano.$0(OLS)http://semarc/name/62234 700 1 $aZappalą, Angelo.$0(OLS)http://semarc/name/62233 700 1 $aPerduca, Roberta.$0(OLS)http://semarc/name/62232 830 0$aPsicologia [McGraw-Hill].$0(OLS)http://semarc/title/428564 850 $aSeMil 852 $aSeMil$W1$xVenegono$y1$m2O V 85$j115945$B115945$CSeMilBibl$Z2$F126785 $81 961 $aOmaggio: Universitą Cattolica del Sacro Cuore 996 $6020$a88-386-2762-2$9(OLS)http://semarc/number/151009 996 $6245$aGiovani e crimini violenti :$bpsicologia, psicopatologia e giustizia$9(OLS)http://semarc/title/235042 996 $6260$aMilano [etc.] :$bMcGraw-Hill$9(OLS)http://semarc/publisher/34217 LEADER 00943nas a2200229 i 4500 001 000000006559 003 CaOOAMICUS 005 20190620095539.0 008 180830n it u0 ita u 040 $aSeMil$bita 245 10$aDabar, Logos, Parola [Messaggero]. 260 $aPadova :$bMessaggero,$c[2000?] 300 $av. 21 cm. 500 $aSul front. di ogni singolo vol. la dicitura: Antico o Nuovo Testamento 500 $aComplemento del titolo: Lectio divina popolare 500 $aCollana diretta da Gastone Boscolo, Gianni Cappelletto, Tiziano Lorenzin 700 1 $aBoscolo, Gastone.$0(OLS)http://semarc/name/313 700 1 $aCappelletto, Gianni.$0(OLS)http://semarc/name/3435 700 1 $aLorenzin, Tiziano,$c.$0(OLS)http://semarc/name/89585 996 $6245$aDabar, Logos, Parola [Messaggero]$9(OLS)http://semarc/title/8732 996 $6260$aPadova :$bMessaggero$9(OLS)http://semarc/publisher/29786